রসায়ন প্রথম পত্র একাদশ-দ্বাদশ শ্রেণি / (Record no. 5703)
[ view plain ]
| 000 -LEADER | |
|---|---|
| fixed length control field | 01022nam a2200241 a 4500 |
| 001 - CONTROL NUMBER | |
| JCCL Control Number | 5703 |
| 003 - CONTROL NUMBER IDENTIFIER | |
| JCCL marc code | BD-JhCC |
| 005 - DATE AND TIME OF LATEST TRANSACTION | |
| control field | 20171227162559.0 |
| 008 - FIXED-LENGTH DATA ELEMENTS--GENERAL INFORMATION | |
| fixed length control field | 171220s20132014bg a|||| || | 000 0 eng d |
| 035 ## - SYSTEM CONTROL NUMBER | |
| system control number | (BD-JhCC)5703 |
| 040 ## - CATALOGING SOURCE | |
| Original cataloging agency | BD-JhCC |
| Modifying agency | BD-JhCC |
| 041 ## - LANGUAGE CODE | |
| Language code of Book | eng |
| 082 ## - DEWEY DECIMAL CLASSIFICATION NUMBER | |
| Classification number | 540 |
| Author mark and Year | ABE 2014 |
| 100 ## - MAIN ENTRY--PERSONAL NAME | |
| Personal name | আবেদীন, মোহাম্মদ জয়নাল |
| 245 ## - TITLE STATEMENT | |
| Title | রসায়ন প্রথম পত্র একাদশ-দ্বাদশ শ্রেণি / |
| Statement of responsibility, etc | মোহাম্মদ জয়নাল আবেদীন, এস এম ওয়াহিদুজ্জামান এবং মো. আব্দুল হান্নান |
| 260 ## - PUBLICATION, DISTRIBUTION, ETC. (IMPRINT) | |
| Place of publication, distribution, etc | ঢাকা : |
| Name of publisher, distributor, etc | কোয়ালিটি পাবলিকেশন, |
| Date of publication, distribution, etc | 2014. |
| 300 ## - PHYSICAL DESCRIPTION | |
| Pagination | iv 286 p. : |
| Dimensions | 24 cm. |
| 650 ## - SUBJECT ADDED ENTRY--TOPICAL TERM | |
| Topical term or geographic name as entry element | Chemistry |
| 700 ## - ADDED ENTRY--PERSONAL NAME | |
| Personal name | ওয়াহিদুজ্জামান, এস এম |
| 700 ## - ADDED ENTRY--PERSONAL NAME | |
| Personal name | হান্নান, মো. আব্দুল |
| 942 ## - ADDED ENTRY ELEMENTS (KOHA) | |
| Source of classification or shelving scheme | Dewey Decimal Classification |
| Koha item type | Books |
| Source of classification or shelving scheme | Damaged status | Not for loan | Home library | Current library | Shelving location | Date of accession | Cost, normal purchase price | Total Checkouts | Full call number | Barcode | Date last seen | Date checked out | Copy number | Koha item type |
|---|---|---|---|---|---|---|---|---|---|---|---|---|---|---|
| Dewey Decimal Classification | JCC Rouf Library | JCC Rouf Library | General Stacks | 12/20/2017 | 115.00 | 2 | 540 ABE 2014 | 7963 | 02/07/2024 | 02/05/2024 | C - 1 | Books |